| 000 | 00905nam a2200217Ia 4500 | ||
|---|---|---|---|
| 999 |
_c40048 _d40048 |
||
| 001 | 6654 | ||
| 003 | GE_BSU | ||
| 005 | 20191206163550.0 | ||
| 008 | 181216s1969||||g |||||||||||||| ||geo|| | ||
| 040 | _cGE_BSU | ||
| 041 | _ageo | ||
| 080 | _a94(479.22) : 323.27 გ-26 | ||
| 100 |
_aგეგენავა, დავით _95705 |
||
| 245 |
_aროცა მზე ამოდიოდა : _bნარკვევი / _cდავით გეგენავა. |
||
| 264 |
_aთბილისი : _bსაბჭოთა საქართველო, _c1969. |
||
| 300 |
_a166 გვ. : _bფოტოები : _c17სმ. |
||
| 653 | _aრევოლუციური მოძრაობა საქართველოში | ||
| 653 | _aროცა მზე ამოდიოდა | ||
| 653 | _aსაქართველოს ისტორია | ||
| 942 |
_cBK _2udc |
||